[Event "FRA-chT Top 16 Gp Basse"]
[Site "Evry"]
[Date "2008.05.30"]
[Round "9"]
[White "Mchedlishvili, Mikheil"]
[Black "Asrian, Karen"]
[Result "1/2-1/2"]
[WhiteElo "2635"]
[BlackElo "2630"]
[PlyCount "30"]
[EventDate "2008.05.29"]
[EventType "team-tourn"]
[EventRounds "11"]
[EventCountry "FRA"]
[SourceTitle "CBM 124 Extra"]
[Source "ChessBase"]
[SourceDate "2008.07.03"]
[SourceVersion "1"]
[SourceVersionDate "2008.07.03"]
[SourceQuality "1"]

1. d4 d5 2. Nf3 c6 3. c4 Nf6 4. Nc3 e6 5. e3 Nbd7 6. Bd3 dxc4 7. Bxc4 b5 8. Bd3 b4 9. Ne4 Nxe4 10. Bxe4 Bb7 11. Qe2 Bd6 12. 0-0 0-0 13. Rd1 Qe8 14. a3 Nf6 15. Bd3 c5 1/2-1/2

[Event "EU-ch 9th"]
[Site "Plovdiv"]
[Date "2008.04.24"]
[Round "4"]
[White "Asrian, Karen"]
[Black "Nevednichy, Vladislav"]
[Result "1/2-1/2"]
[WhiteElo "2630"]
[BlackElo "2558"]
[PlyCount "236"]
[EventDate "2008.04.21"]
[EventType "swiss"]
[EventRounds "11"]
[EventCountry "BUL"]
[SourceTitle "CBM 124"]
[Source "ChessBase"]
[SourceDate "2008.05.28"]
[SourceVersion "1"]
[SourceVersionDate "2008.05.28"]
[SourceQuality "1"]

1. e4 c5 2. Nf3 d6 3. d4 cxd4 4. Nxd4 Nf6 5. Nc3 Bd7 6. Bg5 e6 7. Qd2 a6 8. 0-0-0 h6 9. Bxf6 Qxf6 10. f4 g5 11. Nf5 Bc6 12. h4 exf5 13. hxg5 hxg5 14. e5 Qg7 15. Rxh8 Qxh8 16. exd6 Nd7 17. Re1+ Kd8 18. fxg5 Qh4 19. Rd1 f6 20. Kb1 Qxg5 21. Qf2 f4 22. Ne2 Qe5 23. Qxf4 Qxf4 24. Nxf4 Nc5 25. g3 Bh6 26. Bh3 Bxf4 27. gxf4 Ne4 28. Bf5 b5 29. a4 bxa4 30. Rd4 Ng3 31. Be6 Bd7 32. f5 Nxf5 33. Bxf5 Bxf5 34. Rf4 Be6 35. Rxf6 Kd7 36. Rf4 Rg8 37. Kc1 Rg1+ 38. Kd2 a3 39. bxa3 Kxd6 40. Ra4 Bc8 41. Kc3 Rg3+ 42. Kb2 Kc5 43. Ra5+ Kb6 44. Rd5 Rg6 45. Rd3 Bf5 46. Rf3 Rg5 47. Rc3 Rg2 48. Rc4 Kb5 49. Rc3 Be4 50. Rc7 Bc6 51. Re7 Kc5 52. Re3 Bd5 53. Rc3+ Kd4 54. Rd3+ Ke5 55. Rc3 Be4 56. Rc4 Rh2 57. Rc7 Kd4 58. Kb3 Rh5 59. Kb2 Rg5 60. Kc1 Ra5 61. Kb2 Bd5 62. Rc8 Rb5+ 63. Kc1 Bc4 64. Rh8 Be6 65. Rd8+ Bd5 66. Rc8 Rb7 67. Ra8 Rh7 68. Rc8 Rh6 69. Kb2 Rh7 70. Kc1 Bc4 71. Kb2 a5 72. Rd8+ Bd5 73. Rc8 Rb7+ 74. Kc1 Ba2 75. Rd8+ Kc4 76. Rc8+ Kb5 77. Kb2 Be6 78. Rc3 Ka4+ 79. Ka1 Rb5 80. Re3 Bf5 81. Rc3 Rb6 82. Ka2 Be6+ 83. Ka1 Kb5 84. Kb2 Rb7 85. Re3 Kc5+ 86. Kc3 Bd5 87. Re1 Rg7 88. Re8 Rg3+ 89. Kb2 Kd4 90. Rc8 Rg7 91. Rb8 Rc7 92. Rb5 Be4 93. Rxa5 Rxc2+ 94. Kb3 Rc4 95. Rb5 Kd3 96. Rg5 Rc7 97. Kb4 Kd4 98. a4 Rc1 99. Ka5 Bd5 100. Rg4+ Kc5 101. Rb4 Bc6 102. Rb2 Rc4 103. Ra2 Rc3 104. Rb2 Rc4 105. Ra2 Re4 106. Rc2+ Kd6 107. Rd2+ Kc7 108. Ra2 Rc4 109. Ra3 Bd7 110. Ra1 Kc6 111. Rh1 Kb7 112. Rh4 Rc1 113. Kb4 Kb6 114. Rh6+ Bc6 115. a5+ Kb7 116. Rh7+ Ka6 117. Rh6 Kb7 118. Rh7+ Ka6 1/2-1/2

[Event "RUS-chT"]
[Site "Dagomys"]
[Date "2008.04.10"]
[Round "8"]
[White "Eljanov, Pavel"]
[Black "Asrian, Karen"]
[Result "1-0"]
[WhiteElo "2687"]
[BlackElo "2630"]
[PlyCount "147"]
[EventDate "2008.04.02"]
[EventType "team-tourn"]
[EventRounds "11"]
[EventCountry "RUS"]
[SourceTitle "CBM 124"]
[Source "ChessBase"]
[SourceDate "2008.05.28"]
[SourceVersion "1"]
[SourceVersionDate "2008.05.28"]
[SourceQuality "1"]
[WhiteTeam "Saratov Economist"]
[BlackTeam "Moscow ShSM-64"]
[WhiteTeamCountry "RUS"]
[BlackTeamCountry "RUS"]

1. d4 e6 2. Nf3 Nf6 3. c4 d5 4. g3 Bb4+ 5. Bd2 Be7 6. Bg2 0-0 7. 0-0 c6 8. Bf4 Nbd7 9. Qc2 a5 10. Nbd2 Nh5 11. Be3 b6 12. cxd5 cxd5 13. Ne5 Nhf6 14. Nc6 Qe8 15. Bf4 Ba6 16. Bf3 Rc8 17. Rfc1 Bb7 18. Nxe7+ Qxe7 19. Qd3 e5 20. dxe5 Nxe5 21. Bxe5 Qxe5 22. Qb3 Qd4 23. Rd1 Qc5 24. Nf1 Ne4 25. Bxe4 dxe4 26. Ne3 Rfd8 27. Kg2 Rxd1 28. Rxd1 Bc6 29. Rd2 g6 30. Rc2 a4 31. Qc4 Qxc4 32. Rxc4 Kf8 33. g4 b5 34. Rc1 Ke7 35. Kg3 Kd6 36. Kf4 f6 37. h4 Rf8 38. a3 Rb8 39. Nc2 Rf8 40. Nd4 Bd7 41. Kxe4 Re8+ 42. Kd3 Bxg4 43. Nxb5+ Ke7 44. Rc4 Rd8+ 45. Ke3 Bd7 46. Nc3 Re8 47. Kd2 Rb8 48. Kc1 g5 49. Nxa4 h5 50. Nc3 Bg4 51. f3 Be6 52. Rc7+ Bd7 53. hxg5 fxg5 54. Rc5 Rg8 55. Ne4 h4 56. Rxg5 Rxg5 57. Nxg5 Bf5 58. Kd2 h3 59. Nxh3 Bxh3 60. e4 Kd6 61. f4 Kc5 62. Ke3 Bd7 63. f5 Bb5 64. e5 Kd5 65. Kf4 Ba4 66. b4 Bc6 67. f6 Ke6 68. Kg5 Be8 69. Kf4 Bc6 70. Ke3 Ba4 71. Kd4 Be8 72. Kc5 Kxe5 73. b5 Ke6 74. b6 1-0

[Event "RUS-chT"]
[Site "Dagomys"]
[Date "2008.04.07"]
[Round "6"]
[White "Karjakin, Sergey"]
[Black "Asrian, Karen"]
[Result "1/2-1/2"]
[WhiteElo "2732"]
[BlackElo "2630"]
[PlyCount "105"]
[EventDate "2008.04.02"]
[EventType "team-tourn"]
[EventRounds "11"]
[EventCountry "RUS"]
[SourceTitle "CBM 124"]
[Source "ChessBase"]
[SourceDate "2008.05.28"]
[SourceVersion "1"]
[SourceVersionDate "2008.05.28"]
[SourceQuality "1"]
[WhiteTeam "Tomsk 400"]
[BlackTeam "Moscow ShSM-64"]
[WhiteTeamCountry "RUS"]
[BlackTeamCountry "RUS"]

1. e4 c6 2. d4 d5 3. e5 c5 4. dxc5 Nc6 5. Bb5 e6 6. Be3 Nge7 7. c3 Bd7 8. Bxc6 Bxc6 9. Nf3 Nf5 10. Bd4 a5 11. 0-0 Nxd4 12. cxd4 b6 13. cxb6 Qxb6 14. Qd2 Be7 15. Nc3 a4 16. Rfc1 0-0 17. Rc2 Rfb8 18. Rac1 h6 19. h4 Qd8 20. g3 Rb4 21. Nd1 Bd7 22. Rc3 Rab8 23. R1c2 R4b7 24. a3 Rb3 25. Kg2 Rxc3 26. Qxc3 Rc8 27. Qd2 Rb8 28. Nh2 Bb5 29. Ng4 Ba6 30. Nc3 Qd7 31. Ne3 Bd8 32. Na2 Qa7 33. Nb4 Ba5 34. Rc5 Bxb4 35. axb4 Qb6 36. Nc2 Bc4 37. Qc3 h5 38. Na3 Qxb4 39. Rc8+ Kh7 40. Rxb8 Qxb8 41. Nxc4 dxc4 42. Qxc4 Qxb2 43. Qxa4 Qb7+ 44. Kf1 Qe4 45. Qc4 g6 46. Qc3 Kg8 47. Qe3 Qh1+ 48. Ke2 Qb7 49. Qd3 Kg7 50. Ke3 Qb2 51. Kf3 Qc1 52. Kg2 Qc6+ 53. Qf3 1/2-1/2

[Event "RUS-chT"]
[Site "Dagomys"]
[Date "2008.04.02"]
[Round "1"]
[White "Rublevsky, Sergei"]
[Black "Asrian, Karen"]
[Result "1/2-1/2"]
[WhiteElo "2695"]
[BlackElo "2630"]
[PlyCount "101"]
[EventDate "2008.04.02"]
[EventType "team-tourn"]
[EventRounds "11"]
[EventCountry "RUS"]
[SourceTitle "CBM 124"]
[Source "ChessBase"]
[SourceDate "2008.05.28"]
[SourceVersion "1"]
[SourceVersionDate "2008.05.28"]
[SourceQuality "1"]
[WhiteTeam "Moscow ShSM-64"]
[BlackTeam "Moscow ShSM-64"]
[WhiteTeamCountry "RUS"]
[BlackTeamCountry "RUS"]

1. e4 c6 2. d4 d5 3. e5 Bf5 4. Nd2 e6 5. Nb3 Nd7 6. Nf3 Bg6 7. Be2 Nh6 8. 0-0 Nf5 9. Bd2 Rc8 10. Rc1 Be7 11. g4 Nh6 12. h3 0-0 13. Bd3 Kh8 14. Qe2 Ng8 15. Kg2 c5 16. Bxg6 fxg6 17. c3 c4 18. Na1 g5 19. Nc2 Rf7 20. Ne3 Nf8 21. Kg3 Ng6 22. Ng2 h6 23. Ng1 Qb6 24. Be3 Bd8 25. f4 Nxf4 26. Bxf4 gxf4+ 27. Rxf4 Rxf4 28. Nxf4 Ne7 29. Rf1 Bc7 30. Nh5 Rg8 31. Rf7 Ng6 32. Nf3 Rf8 33. Rxg7 Nf4 34. Nxf4 Kxg7 35. Qc2 Rxf4 36. Kxf4 Qc6 37. Nh4 Qe8 38. Ng2 Bd8 39. Kg3 h5 40. Nf4 h4+ 41. Kg2 Bg5 42. Nh5+ Kh6 43. Qf2 b5 44. Nf4 a5 45. a3 Qf7 46. Ne2 Qxf2+ 47. Kxf2 Bd2 48. Kg2 Kg6 49. Kf2 Kh6 50. Kg2 Kg6 51. Kf2 1/2-1/2

[Event "FRA-chT Top 16 GpB"]
[Site "France"]
[Date "2008.03.24"]
[Round "3"]
[White "Asrian, Karen"]
[Black "Sulava, Nenad"]
[Result "1/2-1/2"]
[WhiteElo "2621"]
[BlackElo "2494"]
[PlyCount "68"]
[EventDate "2008.03.22"]
[EventType "team-tourn"]
[EventRounds "7"]
[EventCountry "FRA"]
[SourceTitle "CBM 123 Extra"]
[Source "ChessBase"]
[SourceDate "2008.05.06"]
[SourceVersion "1"]
[SourceVersionDate "2008.05.06"]
[SourceQuality "1"]

1. e4 c5 2. Nf3 e6 3. d4 cxd4 4. Nxd4 a6 5. Nc3 b5 6. Bd3 d6 7. 0-0 Nf6 8. a4 b4 9. Na2 e5 10. Nb3 Nc6 11. Qe1 Qb6 12. Nd2 Be6 13. Nc4 Bxc4 14. Bxc4 Be7 15. Bd2 Rb8 16. Be3 Qb7 17. Qe2 a5 18. Nc1 0-0 19. Nb3 Bd8 20. Qd3 Bb6 21. Rad1 Bxe3 22. Qxe3 Rfd8 23. Qe2 Ne7 24. Rfe1 Qc7 25. Rd2 Kf8 26. g3 h6 27. Kg2 Rbc8 28. Ba6 Ra8 29. Bb5 Qb7 30. f3 Qc7 31. Qf2 Rac8 32. Ba6 Ra8 33. Bb5 Rac8 34. Ba6 Ra8 1/2-1/2

[Event "FRA-chT Top 16 GpB"]
[Site "France"]
[Date "2008.03.22"]
[Round "1"]
[White "Asrian, Karen"]
[Black "Riazantsev, Alexander"]
[Result "1-0"]
[WhiteElo "2621"]
[BlackElo "2628"]
[PlyCount "77"]
[EventDate "2008.03.22"]
[EventType "team-tourn"]
[EventRounds "7"]
[EventCountry "FRA"]
[SourceTitle "CBM 123 Extra"]
[Source "ChessBase"]
[SourceDate "2008.05.06"]
[SourceVersion "1"]
[SourceVersionDate "2008.05.06"]
[SourceQuality "1"]

1. e4 e5 2. Nf3 Nc6 3. Bc4 Nf6 4. d3 Be7 5. 0-0 0-0 6. Re1 d6 7. c3 h6 8. Bb3 Nh7 9. Nbd2 Ng5 10. Nxg5 Bxg5 11. Nf1 Bxc1 12. Rxc1 Be6 13. Ne3 Re8 14. Rf1 Qg5 15. Nd5 Bxd5 16. Bxd5 Nd8 17. g3 c6 18. Bb3 Ne6 19. Kh1 Nc5 20. f4 Qe7 21. Bc2 Rad8 22. b4 Nd7 23. Qf3 Nf6 24. Rce1 a5 25. bxa5 Ra8 26. fxe5 dxe5 27. Qe3 Rxa5 28. Bb3 Rd8 29. g4 Ra3 30. d4 Rf8 31. g5 hxg5 32. Qxg5 Nd5 33. Qg3 Nc7 34. dxe5 Ne6 35. Rf6 Rd8 36. Rg1 Rxb3 37. axb3 Rd2 38. Rh6 Qd7 39. Qh4 1-0

[Event "Moscow Aeroflot op-A1"]
[Site "Moscow"]
[Date "2008.02.22"]
[Round "9"]
[White "Predojevic, Borki"]
[Black "Asrian, Karen"]
[Result "1/2-1/2"]
[WhiteElo "2641"]
[BlackElo "2621"]
[PlyCount "29"]
[EventDate "2008.02.14"]
[EventType "swiss"]
[EventRounds "9"]
[EventCountry "RUS"]
[SourceTitle "CBM 123"]
[Source "ChessBase"]
[SourceDate "2008.04.02"]
[SourceVersion "1"]
[SourceVersionDate "2008.04.02"]
[SourceQuality "1"]

1. e4 c6 2. d4 d5 3. e5 c5 4. dxc5 Nc6 5. a3 Nxe5 6. b4 g6 7. Bb5+ Bd7 8. Qxd5 Bxb5 9. Qxe5 Nf6 10. Nc3 Bc6 11. Nge2 Bg7 12. 0-0 0-0 13. Bb2 Ne4 14. Qf4 Qd2 15. Qxd2 1/2-1/2

[Event "Moscow Aeroflot op-A1"]
[Site "Moscow"]
[Date "2008.02.14"]
[Round "1"]
[White "Asrian, Karen"]
[Black "Ionov, Sergey"]
[Result "1-0"]
[WhiteElo "2621"]
[BlackElo "2546"]
[PlyCount "78"]
[EventDate "2008.02.14"]
[EventType "swiss"]
[EventRounds "9"]
[EventCountry "RUS"]
[SourceTitle "CBM 123"]
[Source "ChessBase"]
[SourceDate "2008.04.02"]
[SourceVersion "1"]
[SourceVersionDate "2008.04.02"]
[SourceQuality "1"]

1. e4 e6 2. d4 d5 3. Nd2 c5 4. exd5 Qxd5 5. Ngf3 cxd4 6. Bc4 Qd6 7. 0-0 Nf6 8. Nb3 Nc6 9. Nbxd4 Nxd4 10. Nxd4 a6 11. Bb3 Qc7 12. Qf3 Bd6 13. h3 0-0 14. Bg5 Nd7 15. c3 Ne5 16. Qe2 Ng6 17. Bc2 Bd7 18. Rad1 Rfe8 19. Qh5 Qc5 20. Nb3 Qc7 21. Rd4 Bh2+ 22. Kh1 Be5 23. Rd2 Nf8 24. Rfd1 Bc6 25. Qh4 h6 26. Be3 Bd5 27. Nc5 b5 28. Bb3 Bc6 29. Qg4 Kh8 30. Qh5 a5 31. a4 bxa4 32. Bxa4 Bxa4 33. Nxa4 Bf6 34. Nc5 Kg8 35. Nd7 Be7 36. Ne5 Bf6 37. Nd7 Be7 38. Qg4 Kh8 39. Nxf8 Bxf8 1-0

[Event "Moscow op-A 04th"]
[Site "Moscow"]
[Date "2008.02.07"]
[Round "6"]
[White "Geller, Jakov"]
[Black "Asrian, Karen"]
[Result "1/2-1/2"]
[WhiteElo "2511"]
[BlackElo "2621"]
[PlyCount "42"]
[EventDate "2008.02.02"]
[EventType "swiss"]
[EventRounds "9"]
[EventCountry "RUS"]
[SourceTitle "CBM 122 Extra"]
[Source "ChessBase"]
[SourceDate "2008.03.04"]
[SourceVersion "1"]
[SourceVersionDate "2008.03.04"]
[SourceQuality "1"]

1. e4 c6 2. d4 d5 3. exd5 cxd5 4. c3 Nc6 5. Bf4 g6 6. h3 Bg7 7. Nf3 Bf5 8. Bd3 Bxd3 9. Qxd3 Qb6 10. Nbd2 Nf6 11. 0-0 0-0 12. a4 a6 13. Rfe1 e6 14. Be5 Rfc8 15. Ra2 Qd8 16. Rea1 b6 17. Nb3 Nxe5 18. Nxe5 Ne4 19. Nf3 g5 20. Nbd2 f5 21. Qe2 Ra7 1/2-1/2

[Event "ARM-ch 68th"]
[Site "Yerevan"]
[Date "2008.01.14"]
[Round "7"]
[White "Ter Sahakyan, Samvel"]
[Black "Asrian, Karen"]
[Result "1-0"]
[WhiteElo "2369"]
[BlackElo "2621"]
[PlyCount "85"]
[EventDate "2008.01.08"]
[EventType "tourn"]
[EventRounds "13"]
[EventCountry "ARM"]
[EventCategory "12"]
[SourceTitle "CBM 122"]
[Source "ChessBase"]
[SourceDate "2008.01.30"]
[SourceVersion "1"]
[SourceVersionDate "2008.01.30"]
[SourceQuality "1"]

1. e4 c5 2. Nf3 Nc6 3. d4 cxd4 4. Nxd4 Nf6 5. Nc3 d6 6. Bg5 e6 7. Qd2 a6 8. 0-0-0 Bd7 9. f3 Be7 10. h4 h6 11. Be3 h5 12. Be2 b5 13. Nxc6 Bxc6 14. Bd3 Nd7 15. Bg5 Ne5 16. Ne2 Bb7 17. Nd4 d5 18. Qe3 Bxg5 19. hxg5 Qc7 20. exd5 Bxd5 21. g6 fxg6 22. Be4 Nc4 23. Nxe6 Bxe6 24. Bxg6+ Ke7 25. Qg5+ Kf8 26. Rhe1 Bf7 27. Bxf7 Rh6 28. Bg6 Rxg6 29. Qxg6 Qf4+ 30. Kb1 Qf6 31. Qxf6+ gxf6 32. Rd7 Ne5 33. Rh7 Kg8 34. Rxh5 Rd8 35. b3 Rd2 36. Rhxe5 fxe5 37. Rxe5 Rxg2 38. Re6 a5 39. Re5 a4 40. Kb2 a3+ 41. Kxa3 Rxc2 42. Rxb5 Kf7 43. Re5 1-0

[Event "EU-chT (Men) 16th"]
[Site "Heraklion"]
[Date "2007.11.05"]
[Round "8.4"]
[White "Asrian, Karen"]
[Black "Mamedov, Rauf"]
[Result "1/2-1/2"]
[WhiteElo "2623"]
[BlackElo "2586"]
[PlyCount "51"]
[EventDate "2007.10.28"]
[EventType "team-swiss"]
[EventRounds "9"]
[EventCountry "GRE"]
[SourceTitle "CBM 121"]
[Source "ChessBase"]
[SourceDate "2007.11.14"]
[SourceVersion "1"]
[SourceVersionDate "2007.11.14"]
[SourceQuality "1"]
[WhiteTeam "Armenia"]
[BlackTeam "Azerbaijan"]
[WhiteTeamCountry "ARM"]
[BlackTeamCountry "AZE"]

1. e4 c5 2. Nf3 Nc6 3. Bb5 g6 4. Bxc6 dxc6 5. d3 Bg7 6. h3 b6 7. 0-0 e5 8. a3 a5 9. Be3 Ne7 10. Qd2 h6 11. Nc3 f5 12. exf5 gxf5 13. Qe2 0-0 14. Nh4 Nd5 15. Qh5 Nxc3 16. bxc3 f4 17. Bd2 Qg5 18. Qxg5 hxg5 19. Nf3 g4 20. hxg4 e4 21. dxe4 Bxg4 22. Rad1 b5 23. Bc1 Bxf3 24. gxf3 Rad8 25. c4 Be5 26. cxb5 1/2-1/2

[Event "EU-chT (Men) 16th"]
[Site "Heraklion"]
[Date "2007.10.29"]
[Round "2.4"]
[White "Jakovenko, Dmitrij"]
[Black "Asrian, Karen"]
[Result "1/2-1/2"]
[WhiteElo "2710"]
[BlackElo "2623"]
[PlyCount "56"]
[EventDate "2007.10.28"]
[EventType "team-swiss"]
[EventRounds "9"]
[EventCountry "GRE"]
[SourceTitle "CBM 121"]
[Source "ChessBase"]
[SourceDate "2007.11.14"]
[SourceVersion "1"]
[SourceVersionDate "2007.11.14"]
[SourceQuality "1"]
[WhiteTeam "Russia"]
[BlackTeam "Armenia"]
[WhiteTeamCountry "RUS"]
[BlackTeamCountry "ARM"]

1. e4 c6 2. d4 d5 3. exd5 cxd5 4. c4 Nf6 5. Nc3 Nc6 6. Bg5 e6 7. Nf3 Be7 8. c5 0-0 9. Bb5 Ne4 10. Bxe7 Nxe7 11. Rc1 b6 12. c6 Qd6 13. 0-0 a6 14. Bd3 Nxc6 15. Nxe4 dxe4 16. Bxe4 Bb7 17. Ne5 Rac8 18. Qd3 Rfd8 19. Bxc6 Bxc6 20. Qxa6 Qd5 21. Nf3 Qd7 22. Ne5 Qd5 23. Nxc6 Rxc6 24. g3 Rxc1 25. Rxc1 Qxd4 26. Rc8 Qd1+ 27. Kg2 Qd5+ 28. Kg1 Qd1+ 1/2-1/2

[Event "EU-Cup 23rd"]
[Site "Kemer"]
[Date "2007.10.03"]
[Round "1.1"]
[White "Asrian, Karen"]
[Black "Thorfinnsson, Bragi"]
[Result "1-0"]
[WhiteElo "2623"]
[BlackElo "2404"]
[PlyCount "44"]
[EventDate "2007.10.03"]
[EventType "team-swiss"]
[EventRounds "7"]
[EventCountry "TUR"]
[SourceTitle "CBM 121"]
[Source "ChessBase"]
[SourceDate "2007.11.14"]
[SourceVersion "1"]
[SourceVersionDate "2007.11.14"]
[SourceQuality "1"]
[WhiteTeam "Yerevan"]
[BlackTeam "Reykjavik Hellir"]
[WhiteTeamCountry "ARM"]
[BlackTeamCountry "ISL"]

1. e4 c5 2. Nf3 d6 3. d4 cxd4 4. Nxd4 Nf6 5. Nc3 a6 6. Be3 e5 7. Nde2 Be6 8. Ng3 b5 9. Bg5 Nbd7 10. Qd2 g6 11. h4 Qc7 12. 0-0-0 Be7 13. Be2 Rc8 14. Kb1 Qa5 15. a3 Rxc3 16. Qxc3 Qxc3 17. bxc3 0-0 18. c4 Rc8 19. f3 Nb6 20. Rhf1 Na4 21. Bd2 Kf8 22. Be3 bxc4 1-0

[Event "Abu Dhabi op 17th"]
[Site "Abu Dhabi"]
[Date "2007.08.15"]
[Round "4"]
[White "Asrian, Karen"]
[Black "Salem, AR Saleh"]
[Result "1-0"]
[WhiteElo "2608"]
[BlackElo "2218"]
[PlyCount "55"]
[EventDate "2007.08.12"]
[EventType "swiss"]
[EventRounds "9"]
[EventCountry "UAE"]
[SourceTitle "CBM 119 Extra"]
[Source "ChessBase"]
[SourceDate "2007.09.04"]
[SourceVersion "1"]
[SourceVersionDate "2007.09.04"]
[SourceQuality "1"]

1. e4 c6 2. d4 d5 3. e5 Bf5 4. Nd2 e6 5. Nb3 Nd7 6. Nf3 a6 7. Be2 Ne7 8. 0-0 Rc8 9. Bd2 f6 10. c4 Be4 11. Ba5 b6 12. Bc3 a5 13. c5 Bxf3 14. Bxf3 a4 15. exf6 gxf6 16. Nc1 bxc5 17. Qe2 cxd4 18. Qxe6 Qb6 19. Bd2 Kd8 20. Nd3 Rg8 21. Rac1 Rg6 22. Nf4 Ra8 23. Nxg6 hxg6 24. Bf4 Ra6 25. Rfe1 d3 26. Rcd1 Qxb2 27. Rb1 Qxa2 28. Rb7 1-0

[Event "Abu Dhabi op 17th"]
[Site "Abu Dhabi"]
[Date "2007.08.13"]
[Round "2"]
[White "Asrian, Karen"]
[Black "Venkatesh, Marani Rajendran"]
[Result "1/2-1/2"]
[WhiteElo "2608"]
[BlackElo "2443"]
[PlyCount "65"]
[EventDate "2007.08.12"]
[EventType "swiss"]
[EventRounds "9"]
[EventCountry "UAE"]
[SourceTitle "CBM 119 Extra"]
[Source "ChessBase"]
[SourceDate "2007.09.04"]
[SourceVersion "1"]
[SourceVersionDate "2007.09.04"]
[SourceQuality "1"]

1. e4 c5 2. Nf3 Nc6 3. Bb5 g6 4. Bxc6 dxc6 5. h3 Bg7 6. d3 Nf6 7. Nc3 e5 8. Be3 Qd6 9. Qd2 h6 10. Nh2 Be6 11. 0-0 g5 12. Ne2 Nh5 13. Qc3 b6 14. g4 Nf4 15. Bxf4 gxf4 16. Nxf4 exf4 17. Qxg7 0-0-0 18. f3 c4 19. Rad1 cxd3 20. Rxd3 Qc5+ 21. Rf2 Bc4 22. Rxd8+ Rxd8 23. Kg2 Qe3 24. Qxh6 Kb7 25. Qh4 Rd1 26. b3 Be2 27. Nf1 Bxf1+ 28. Rxf1 Rd2+ 29. Rf2 Qe1 30. Qe7+ Ka6 31. Qa3+ Kb7 32. Qe7+ Ka6 33. Qa3+ 1/2-1/2

[Event "Taiyuan 4th"]
[Site "Taiyuan"]
[Date "2007.07.09"]
[Round "5"]
[White "Wang, Hao"]
[Black "Asrian, Karen"]
[Result "1/2-1/2"]
[WhiteElo "2624"]
[BlackElo "2608"]
[PlyCount "81"]
[EventDate "2007.07.04"]
[EventType "schev"]
[EventRounds "8"]
[EventCountry "CHN"]
[SourceTitle "CBM 119"]
[Source "ChessBase"]
[SourceDate "2007.08.01"]
[SourceVersion "1"]
[SourceVersionDate "2007.08.01"]
[SourceQuality "1"]

1. e4 c6 2. d4 d5 3. e5 Bf5 4. Nf3 e6 5. Be2 Bg6 6. 0-0 Ne7 7. Nbd2 Nf5 8. Nb3 Nd7 9. Bd2 a6 10. Rc1 Be7 11. g4 Nh6 12. h3 0-0 13. Be3 Kh8 14. c3 Rc8 15. Ne1 Ng8 16. Nd3 f6 17. f4 fxe5 18. fxe5 Rxf1+ 19. Bxf1 Bxd3 20. Bxd3 c5 21. Bb1 Bg5 22. Qd3 Bxe3+ 23. Kg2 Qh4 24. Qxe3 c4 25. Nd2 Qh6 26. Qxh6 Nxh6 27. Nf3 Nf7 28. h4 g6 29. Kg3 Kg7 30. Bc2 h6 31. g5 hxg5 32. hxg5 Rh8 33. b3 Rc8 34. bxc4 Rxc4 35. Bb3 Rc6 36. c4 dxc4 37. Rxc4 Rxc4 38. Bxc4 Nd8 39. Bd3 b5 40. Be4 a5 41. Kf4 1/2-1/2

[Event "FRA-chT Top 16 Gp Haute"]
[Site "France"]
[Date "2007.06.01"]
[Round "9.1"]
[White "Asrian, Karen"]
[Black "Tiviakov, Sergei"]
[Result "1-0"]
[WhiteElo "2634"]
[BlackElo "2667"]
[PlyCount "103"]
[EventDate "2007.05.31"]
[EventType "team-tourn"]
[EventRounds "11"]
[EventCountry "FRA"]
[SourceTitle "CBM 118 Extra"]
[Source "ChessBase"]
[SourceDate "2007.07.04"]
[SourceVersion "1"]
[SourceVersionDate "2007.07.04"]
[SourceQuality "1"]
[WhiteTeam "Bischwiller"]
[BlackTeam "Paris Chess 15"]
[WhiteTeamCountry "FRA"]
[BlackTeamCountry "FRA"]

1. e4 c5 2. Nf3 Nc6 3. Bb5 d6 4. 0-0 Bd7 5. c3 a6 6. Ba4 Nf6 7. Re1 b5 8. Bc2 Bg4 9. d3 e6 10. Nbd2 Be7 11. h3 Bh5 12. Nf1 0-0 13. Ng3 Bg6 14. Nh4 d5 15. Nxg6 hxg6 16. e5 Nd7 17. d4 Rc8 18. Ne2 b4 19. a3 cxd4 20. cxd4 Qc7 21. Bd3 bxa3 22. bxa3 Qa7 23. Be3 Bd8 24. Rc1 Bb6 25. Qa4 Ncxe5 26. Rxc8 Rxc8 27. Qxa6 Ra8 28. Qxa7 Rxa7 29. dxe5 Bxe3 30. fxe3 Nxe5 31. Bb5 Rxa3 32. Nd4 Ra7 33. Kh2 Rc7 34. Kg3 g5 35. Ra1 g6 36. Nf3 Nxf3 37. Kxf3 Kg7 38. Ra6 Kf6 39. Bc6 Kg7 40. Rb6 Rc8 41. Ke2 Rc7 42. Kf3 Rc8 43. Kf2 Rc7 44. Ke2 Kf8 45. Kd3 Ra7 46. Rb8+ Kg7 47. Ra8 Rc7 48. Ra6 Rc8 49. Rb6 Rc7 50. Kd4 Ra7 51. Rb7 Ra2 52. Be8 1-0

[Event "RUS-chT 14th"]
[Site "Sochi"]
[Date "2007.05.06"]
[Round "5"]
[White "Jobava, Baadur"]
[Black "Asrian, Karen"]
[Result "1/2-1/2"]
[WhiteElo "2658"]
[BlackElo "2635"]
[PlyCount "88"]
[EventDate "2007.05.02"]
[EventType "team-tourn"]
[EventRounds "9"]
[EventCountry "RUS"]
[SourceTitle "EXT 2020"]
[Source "ChessBase"]
[SourceDate "2019.10.17"]
[SourceVersion "1"]
[SourceVersionDate "2019.10.17"]
[SourceQuality "1"]
[WhiteTeam "Kazan Ladya"]
[BlackTeam "Cheliabinsk Yuzhnyy Ural"]
[WhiteTeamCountry "RUS"]
[BlackTeamCountry "RUS"]

1. e4 c6 2. d4 d5 3. Nd2 dxe4 4. Nxe4 Bf5 5. Ng3 Bg6 6. h4 h6 7. Nf3 Nd7 8. h5 Bh7 9. Bd3 Bxd3 10. Qxd3 e6 11. Bd2 Ngf6 12. 0-0-0 Qc7 13. Ne4 0-0-0 14. g3 Be7 15. Nxf6 Nxf6 16. Qe2 Rhe8 17. Kb1 Ng4 18. Bf4 Bd6 19. Rh4 f5 20. Bc1 c5 21. Rhh1 Qc6 22. Rhe1 Bc7 23. dxc5 Qxc5 24. Rxd8+ Bxd8 25. Nd2 Bc7 26. f3 Nf6 27. g4 fxg4 28. fxg4 Qd4 29. Ne4 Qxe4 30. Qxe4 Nxe4 31. Rxe4 Kd7 32. c4 e5 33. Kc2 Ke6 34. Bd2 Rf8 35. Kd3 Rf3+ 36. Re3 Rf4 37. Re4 Rf3+ 38. Ke2 Rg3 39. Kf2 Rh3 40. Bc3 Rd3 41. Kg2 Rd8 42. Kf3 Rf8+ 43. Ke2 a6 44. a4 a5 1/2-1/2

[Event "RUS-chT 14th"]
[Site "Sochi"]
[Date "2007.05.05"]
[Round "4"]
[White "Asrian, Karen"]
[Black "Shomoev, Anton"]
[Result "1/2-1/2"]
[WhiteElo "2635"]
[BlackElo "2551"]
[PlyCount "63"]
[EventDate "2007.05.02"]
[EventType "team-tourn"]
[EventRounds "9"]
[EventCountry "RUS"]
[SourceTitle "EXT 2020"]
[Source "ChessBase"]
[SourceDate "2019.10.17"]
[SourceVersion "1"]
[SourceVersionDate "2019.10.17"]
[SourceQuality "1"]
[WhiteTeam "Cheliabinsk Yuzhnyy Ural"]
[BlackTeam "Buryatia Shatar"]
[WhiteTeamCountry "RUS"]
[BlackTeamCountry "RUS"]

1. e4 c5 2. Nf3 d6 3. d4 cxd4 4. Nxd4 Nf6 5. Nc3 a6 6. a4 Nc6 7. Be2 e6 8. Be3 Be7 9. 0-0 0-0 10. f4 Qc7 11. Kh1 Re8 12. Bf3 Bf8 13. Qe1 Nxd4 14. Bxd4 e5 15. Bg1 Be6 16. Qg3 exf4 17. Qxf4 Nd7 18. Ne2 Be7 19. Nd4 Bf6 20. Rad1 Be5 21. Qd2 Rac8 22. Nxe6 Rxe6 23. Bg4 Re7 24. c4 Rce8 25. Bxd7 Rxd7 26. b3 Rde7 27. Qd5 Re6 28. h3 Bc3 29. Bh2 Bb4 30. Rf4 Re5 31. Qd3 Qc6 32. Rg4 1/2-1/2